000 00581nam a22001697a 4500
003 OSt
005 20171010095446.0
008 120615t xxu||||| |||| 00| 0 eng d
040 _aMMSU
_cULS
100 _aArcangel, Marchita T., et al.
_910366
245 _aImprovement of the computerized examination checker
_cMarchita T. Arcangel, et al.
260 _c2007
300 _axi, [70] leaves
_c28 cm.
500 _aThesis (BS Computer Engineering) -- Mariano Marcos State University-College of Engineering, Batac City
504 _aBibliography: leaf 44
942 _2ddc
_cTHEDIS
999 _c9570
_d9570